Сорбция ионов Ni{2+} продуктом щелочной обработки борогипса; Тяжелые металлы и радионуклиды в окружающей среде; Т. 2

Библиографические подробности
Источник:Тяжелые металлы и радионуклиды в окружающей среде: материалы VII Международной научно-практической конференции, 4-8 октября 2012 г., г. Семипалатинск (Семей)/ Семипалатинский государственный педагогический институт ; Российская академия наук (РАН), Институт геохимии и аналитической химии (ГЕОХИ) ; Московский государственный университет им. М. В. Ломоносова (МГУ) ; Национальный исследовательский Томский политехнический университет (ТПУ) ; Российская академия наук (РАН), Сибирское отделение (СО), Институт почвоведения и агрохимии (ИПА) ; под ред. М. А. Бектемесова.— , 2012.— 978-601-7332-72-3
Т. 2.— 2012.— С. 458-464
Главный автор: Ярусова С. Б.
Другие авторы: Гордиенко П. С., Азарова Ю. А., Крысь Ю. И.
Язык:русский
Опубликовано: 2012
Серии:Реабилитация почвенного покрова и природных вод, загрязненных тяжелыми металлами и радионуклидами; Технология их детоксикации
Предметы:
Формат: Статья
Запись в KOHA:https://koha.lib.tpu.ru/cgi-bin/koha/opac-detail.pl?biblionumber=260817

MARC

LEADER 00000naa2a2200000 4500
001 260817
005 20231031221310.0
035 |a (RuTPU)RU\TPU\book\283787 
035 |a RU\TPU\book\283779 
090 |a 260817 
100 |a 20140519d2012 k y0rusy50 ca 
101 0 |a rus 
102 |a RU 
200 1 |a Сорбция ионов Ni{2+} продуктом щелочной обработки борогипса  |f С. Б. Ярусова [и др.] 
225 1 |a Реабилитация почвенного покрова и природных вод, загрязненных тяжелыми металлами и радионуклидами; Технология их детоксикации 
320 |a Библиогр.: с. 463-464 (17 назв.) 
461 1 |0 (RuTPU)RU\TPU\book\270768  |y 978-601-7332-72-3  |t Тяжелые металлы и радионуклиды в окружающей среде  |o материалы VII Международной научно-практической конференции, 4-8 октября 2012 г., г. Семипалатинск (Семей)  |f Семипалатинский государственный педагогический институт ; Российская академия наук (РАН), Институт геохимии и аналитической химии (ГЕОХИ) ; Московский государственный университет им. М. В. Ломоносова (МГУ) ; Национальный исследовательский Томский политехнический университет (ТПУ) ; Российская академия наук (РАН), Сибирское отделение (СО), Институт почвоведения и агрохимии (ИПА) ; под ред. М. А. Бектемесова  |d 2012 
463 1 |0 (RuTPU)RU\TPU\book\269462  |t Т. 2  |v С. 458-464  |d 2012  |p 713 с. 
610 1 |a сорбция 
610 1 |a ионы 
610 1 |a щелочная обработка 
610 1 |a борогипс 
610 1 |a никель 
700 1 |a Ярусова  |b С. Б. 
701 1 |a Гордиенко  |b П. С. 
701 1 |a Азарова  |b Ю. А. 
701 1 |a Крысь  |b Ю. И. 
801 1 |a RU  |b 63413507  |c 20140507 
801 2 |a RU  |b 63413507  |c 20140519  |g RCR 
942 |c BK